Normal view
MARC view
- Mailloux, Robert J
Entry Personal Name
001 - CONTROL NUMBER
- control field: 56707
003 - CONTROL NUMBER IDENTIFIER
- control field: NUST
005 - DATE AND TIME OF LATEST TRANSACTION
- control field: 20210628201747.0
008 - FIXED-LENGTH DATA ELEMENTS
- fixed length control field: 210628|| aca||aabn | a|a d
040 ## - CATALOGING SOURCE
- Original cataloging agency: NUST
- Transcribing agency: NUST
100 ## - HEADING--PERSONAL NAME
- Personal name: Mailloux, Robert J
670 ## - SOURCE DATA FOUND
- Source citation: Work cat.: (NUST): Mailloux, Robert J, Phased array antenna handbook, 2005
